Visitors' guide to Malaysia 1993 : serving tourists and business travellers

Bibliographic Details
Format: Book
Published: Kuala Lumpur : Tourism Publication Sdn. Bhd. , 1993
Edition:4th ed.
Subjects:

MARC

LEADER 00000cam a2200000 7i4500
001 0000000081
002 000000095
005 20000330.0
020 |a T000000014 
090 0 0 |a 915.9504   |b VIS 
245 0 0 |a Visitors' guide to Malaysia 1993 :   |b serving tourists and business travellers 
250 |a 4th ed. 
260 |a Kuala Lumpur :   |b Tourism Publication Sdn. Bhd. ,   |c 1993 
300 |a 228 p. :   |b photo;col ;   |c 29cm. 
650 0 0 |a Malaysia   |x Description and travel 
999 |a 000000002   |b BUKU   |c MALAYSIANA   |e PERPUSTAKAAN KOMUNITI PETALING JAYA